000 00498cam a2200169 a 4500
001 1121158
005 20240130062254.0
008 940223s1990 ce b 000 0 eng
040 _aDLC
_cDLC
_dDLC
082 _222
_a305.8
245 0 0 _aChallenge for change :
_bprofile of a community.
_cMuslim women's research and action front
260 _aColombo, Sri Lanka :
_bMuslim Women's Research and Action Front,
_c1990.
300 _a213 p. ;
650 0 _aMuslims
650 0 _aMuslim women
942 _cL
999 _c250
_d250